Tous les pays de HOI IV (1936) - Statistiques

Statistiques générales
  • Ce quiz a été pris 182 fois
  • Le résultat moyen est 54 sur 82
Statistiques - réponses
Continent Pays % Correct
Europe France
92%
Europe Union Soviétique
86%
Asie Chine
85%
Europe Espagne
85%
Amérique du Nord États-Unis
85%
Europe Reich allemand
85%
Asie République populaire de Chine
85%
Europe Royaume-Uni
85%
Amérique du Nord Dominion du Canada
84%
Asie Japon
84%
Océanie Australie
82%
Europe Belgique
80%
Europe Pays-Bas
80%
Europe Portugal
80%
Asie Raj britannique
80%
Europe Suède
80%
Europe Autriche
79%
Europe Danemark
79%
Europe Finlande
79%
Europe Italie
79%
Amérique du Nord Mexique
79%
Europe Norvège
79%
Afrique Afrique du sud
77%
Amérique du Sud Argentine
77%
Afrique Éthiopie
77%
Europe Yougoslavie
77%
Amérique du Sud Brésil
76%
Europe Bulgarie
76%
Europe Grèce
76%
Océanie Nouvelle-Zélande
76%
Europe Pologne
76%
Europe Roumanie
76%
Amérique du Sud Chili
75%
Europe Hongrie
75%
Europe Lituanie
75%
Europe Lettonie
74%
Europe Estonie
73%
Amérique du Sud Colombie
72%
Europe Luxembourg
72%
Europe Suisse
72%
Asie Iran
71%
Europe Irlande
71%
Asie Turquie
71%
Amérique du Sud Uruguay
71%
Amérique du Sud Équateur
70%
Amérique centrale Panama
69%
Amérique du Sud Pérou
69%
Europe Albanie
68%
Afrique Liberia
68%
Amérique du Sud Paraguay
68%
Amérique du Sud Bolivie
66%
Amérique centrale Salvador
66%
Amérique du Sud Venezuela
66%
Amérique centrale Honduras
65%
Asie Irak
65%
Asie Mongolie
65%
Europe Tchecoslovaquie
64%
Amérique centrale Guatemala
63%
Asie Arabie Saoudite
62%
Amérique centrale Cuba
62%
Asie Afghanistan
61%
Amérique centrale Nicaragua
61%
Amérique centrale Costa Rica
59%
Asie Népal
55%
Asie Yémen
55%
Asie Siam
53%
Asie Oman
51%
Amérique centrale Haïti
49%
Asie Tibet
48%
Asie Indes Néerlandaises
45%
Amérique centrale République dominicaine
42%
Asie Bhoutan
41%
Asie Malaisie britannique
39%
Asie Yunnan
31%
Asie Philippines
29%
Asie Shanxi
28%
Asie Xibei San Ma
27%
Asie Xinjiang
27%
Asie Clique du Guangxi
23%
Asie Mandchoukouo
19%
Asie Tannou-Touva
15%
Asie Mengkukuo
10%
Aucun quiz correspondant
Distribution des résultats
% des personnes avec chaque résultat
Percentile par nombre de réponses
Votre historique - résultats
Vous n’avez pas pris ce quiz